| Tag |
First Indicator |
Second Indicator |
Subfields |
| LEADER |
00000cam a2200000 4500 |
| 001 |
in00001106113 |
| 005 |
20150930061138.0 |
| 008 |
820105s1972 cau b 000 0 eng |
| 010 |
|
|
|a 81467840
|
| 035 |
|
|
|a (OCoLC)00743972
|
| 035 |
|
|
|9 AFU8403AM
|
| 040 |
|
|
|a DLC
|c DLC
|d m.c.
|d TXA
|d UtOrBLW
|
| 049 |
|
|
|a TXAM
|
| 050 |
0 |
0 |
|a AS36
|b .R28 no. 4895
|a Z699
|
| 082 |
0 |
|
|a 081 s
|a 025/.063
|2 19
|
| 090 |
|
|
|a AS36
|b .R28 P-4895
|
| 100 |
1 |
|
|a Sackman, Harold.
|
| 245 |
1 |
0 |
|a Planning information utilities for community excellence /
|c Harold Sackman.
|
| 264 |
|
1 |
|a [Santa Monica, Calif.] :
|b [Rand Corp.],
|c [1972.]
|
| 300 |
|
|
|a iv, 41 pages :
|b illustrations ;
|c 29 cm.
|
| 336 |
|
|
|a text
|b txt
|2 rdacontent
|
| 337 |
|
|
|a unmediated
|b n
|2 rdamedia
|
| 338 |
|
|
|a volume
|b nc
|2 rdacarrier
|
| 500 |
|
|
|a Cover title.
|
| 504 |
|
|
|a Bibliography: pages 39-41.
|
| 500 |
|
|
|a "P-4895."
|
| 500 |
|
|
|a "September 1972."
|
| 650 |
|
0 |
|a Information storage and retrieval systems
|x Social aspects.
|
| 710 |
2 |
|
|a Rand Corporation.
|
| 999 |
|
|
|a MARS
|
| 999 |
f |
f |
|s 7cc055c2-63e8-3c65-b4a8-bfd0c340989a
|i 51342137-e016-38e2-bb6b-86365034a8fd
|t 0
|
| 952 |
f |
f |
|p ric
|a Texas A&M University
|b Rellis Campus
|c Joint Library Facility
|d Remote Storage
|t 0
|e AS36 .R28 P-4895
|h Library of Congress classification
|i unmediated -- volume
|m A14816919874
|
| 998 |
f |
f |
|a AS36 .R28 P-4895
|t 0
|l Remote Storage
|